| 000 | 00516nam a2200193Ia 4500 | ||
|---|---|---|---|
| 003 | SISC | ||
| 005 | 20181022080253.0 | ||
| 008 | 181016s9999 xx 000 0 und d | ||
| 020 | _a9780446561952 | ||
| 050 |
_aPS 3533 _b.C752 2009 |
||
| 100 | _aConnelly, Michael | ||
| 245 |
_cMichael Connelly _aNine dragons/ |
||
| 260 |
_aNY: _bHieronymus, Inc. _c2009 |
||
| 300 |
_a469 pages : _c17 cm. |
||
| 650 | _aDetective and mystery stories | ||
| 650 | _amurder -- investigation | ||
| 942 |
_2lcc _cBK |
||
| 999 |
_c359234 _d359234 |
||